Normal view
MARC view
- Mark A. Friend, James P. Kohn
Entry Personal Name
001 - CONTROL NUMBER
- control field: 133319
003 - CONTROL NUMBER IDENTIFIER
- control field: NUST
005 - DATE AND TIME OF LATEST TRANSACTION
- control field: 20260217163114.0
008 - FIXED-LENGTH DATA ELEMENTS
- fixed length control field: 260217|| aca||aabn | a|a d
040 ## - CATALOGING SOURCE
- Original cataloging agency: NUST
- Transcribing agency: NUST
100 ## - HEADING--PERSONAL NAME
- Personal name: Mark A. Friend, James P. Kohn
670 ## - SOURCE DATA FOUND
- Source citation: Work cat.: (NUST): Mark A. Friend, James P. Kohn., Fundamentals of Occupational Safety and Health /, 2023.
